Fluid dynamics and heat transfer of turbomachinery (Record no. 598245)

000 -LEADER
fixed length control field 00306nam a2200109Ia 4500
008 - FIXED-LENGTH DATA ELEMENTS--GENERAL INFORMATION
fixed length control field 230907s9999||||xx |||||||||||||| ||und||
082 ## - DEWEY DECIMAL CLASSIFICATION NUMBER
Classification number 621.406
Author Mark LAK,
100 ## - MAIN ENTRY--PERSONAL NAME
Personal name Lakshminarayana, B.
9 (RLIN) 115151
245 #0 - TITLE STATEMENT
Title Fluid dynamics and heat transfer of turbomachinery
260 ## - PUBLICATION, DISTRIBUTION, ETC.
Place of publication, distribution, etc. willey
Name of publisher, distributor, etc. Delhi
Date of publication, distribution, etc. 2018
942 ## - ADDED ENTRY ELEMENTS (KOHA)
Koha item type Book
Holdings
Withdrawn status Lost status Damaged status Not for loan Permanent Location Current Location Date acquired Total Checkouts Full call number Barcode Date last seen Price effective from Koha item type
        US-Pakistan Center for Advanced Studies in Energy (USPCAS-E) US-Pakistan Center for Advanced Studies in Energy (USPCAS-E) 07/26/2018   621.406 LAK, CAS-E0002344 09/12/2023 09/12/2023 Book
© 2023 Central Library, National University of Sciences and Technology. All Rights Reserved.